[Event "XXI Festival Conca della Presolana A"]
[Site "Bratto - Castione della Presolana ITA"]
[Date "2001.08.26"]
[Round "5"]
[White "Cugini, Verter"]
[Black "Foisor, Ovidiu-Doru"]
[Result "1/2-1/2"]
[WhiteElo "2207"]
[BlackElo "2400"]
[PlyCount "160"]
[EventDate "2001.08.22"]

1.e4 d6 2.d4 g6 3.c4 Bg7 4.Nc3 Nd7 5.Nf3 e5 6.Be3 Ngf6 7.Be2 O-O 8.O-O Ng4
9.Bg5 f6 10.Bh4 h5 11.h3 Nh6 12.dxe5 dxe5 13.Bg3 c6 14.b4 Qe7 15.Qb3 Re8 
16.c5+ Nf7 17.Nd2 Nf8 18.f4 Be6 19.Bc4 Bh6 20.Ne2 b5 21.cxb6 axb6 22.Nf3 
exf4 23.Bxf4 Bxf4 24.Nxf4 Bxc4 25.Qxc4 Qxe4 26.Rfc1 Rad8 27.Rc3 b5 28.Qxe4
Rxe4 29.Nd3 Re3 30.Rd1 g5 31.Kf2 Re6 32.Rdc1 Ng6 33.Nc5 Re7 34.Nb3 Nf4 35.
Nfd4 Ne5 36.Kf1 Nfd3 37.Rb1 Ra8 38.Na5 Nxb4 39.Naxc6 Nbxc6 40.Nxc6 Rc7 41.
Rbc1 Nc4 42.Nd4 Rxa2 43.Kg1 Re7 44.Rf3 Kf7 45.Nxb5 Ne5 46.Rfc3 Kg6 47.Nd4 
Rd7 48.Nf3 Nd3 49.R1c2 Rxc2 50.Rxc2 Nf4 51.Ra2 Rd3 52.Kf2 h4 53.Ra6 Rb3 
54.Ne5+ Kf5 55.Ng4 Nh5 56.Ra5+ Kg6 57.Ra6 Rb4 58.Ne3 Rf4+ 59.Kg1 Ng3 60.
Ra2 Kf7 61.Rf2 Re4 62.Rf3 Ne2+ 63.Kf2 Nd4 64.Nf5 Nb5 65.g3 hxg3+ 66.Kxg3 
Kg6 67.h4 Nd4 68.h5+ Kxh5 69.Nxd4 Rxd4 70.Rxf6 Rd3+ 71.Kg2 Kh4 72.Rf2 g4 
73.Ra2 Rb3 74.Rc2 Ra3 75.Rb2 Ra4 76.Rc2 Kg5 77.Kg3 Ra3+ 78.Kg2 Ra4 79.Kg3 
Ra3+ 80.Kg2 Ra4 1/2-1/2

[Event "XXI Festival Conca della Presolana A"]
[Site "Bratto - Castione della Presolana ITA"]
[Date "2001.08.26"]
[Round "5"]
[White "De Barberis, Massimo"]
[Black "Cavatorta, Fosco"]
[Result "1-0"]
[WhiteElo "2103"]
[BlackElo "2025"]
[PlyCount "67"]
[EventDate "2001.08.22"]

1.e4 e6 2.d4 d5 3.e5 c5 4.c3 Nc6 5.Nf3 Bd7 6.a3 b5 7.Bd3 Qb6 8.Be3 cxd4 9.
cxd4 Rc8 10.O-O Nge7 11.Qe2 Na5 12.Nbd2 Nf5 13.b4 Nc4 14.Nb3 Be7 15.Nc5 
Rc7 16.h4 Ncxe3 17.fxe3 Ng3 18.Qf2 Nxf1 19.Rxf1 O-O 20.Ng5 Bxg5 21.hxg5 
Be8 22.Qh4 g6 23.Qh6 Rc8 24.Kf2 f6 25.gxf6 Rc7 26.g4 a5 27.Rh1 axb4 28.
axb4 Qa7 29.Nxe6 Qa2+ 30.Kf3 Rcf7 31.Nxf8 Bd7 32.Nxd7 Rxd7 33.e6 Rc7 34.
f7+ 1-0

[Event "XXI Festival Conca della Presolana A"]
[Site "Bratto - Castione della Presolana ITA"]
[Date "2001.08.26"]
[Round "5"]
[White "Digiugno, Franco"]
[Black "Capata, Ion"]
[Result "1/2-1/2"]
[WhiteElo "2145"]
[BlackElo "1948"]
[PlyCount "195"]
[EventDate "2001.08.22"]

1.d4 d5 2.Nf3 Nf6 3.Bf4 e6 4.Nbd2 Be7 5.e3 O-O 6.Bd3 b6 7.c3 c5 8.Rc1 Ba6 
9.Bb1 Nbd7 10.Qc2 Re8 11.Ne5 Nf8 12.g4 cxd4 13.exd4 Ng6 14.Bg5 Qc7 15.Bxf6
Bxf6 16.Ndf3 Kf8 17.Qa4 Bxe5 18.Qxa6 Bf6 19.Bxg6 hxg6 20.Qd3 Qf4 21.Qe3 
Qxg4 22.Kd2 Qf5 23.Qd3 Qf4+ 24.Kc2 b5 25.Kb1 Rab8 26.Qe3 Qd6 27.h4 b4 28.
c4 dxc4 29.Rxc4 Rec8 30.Rhc1 Rxc4 31.Rxc4 a5 32.Ne5 Rd8 33.Nc6 Rc8 34.Qe4 
Qd5 35.Qxd5 exd5 36.Rc2 Bxh4 37.f3 Bf2 38.Kc1 Be3+ 39.Kd1 Bf4 40.Nxb4 Rxc2
41.Nxc2 Ke7 42.b4 a4 43.Ke2 Kd6 44.Kd3 Kc6 45.Kc3 Bc1 46.Ne1 Kb5 47.Nd3 
Ba3 48.Ne5 Bxb4+ 49.Kd3 f6 50.Nxg6 Bd6 51.Nh4 Kb4 52.Nf5 Bf8 53.Ne3 Ka3 
54.Nxd5 Kxa2 55.Kc2 Ka3 56.Kc3 Ka2 57.Kc2 f5 58.Ne3 g6 59.Nc4 g5 60.Ne3 f4
61.Nc4 Be7 62.d5 g4 63.fxg4 f3 64.Kd3 f2 65.Ke2 Kb3 66.Nd2+ Kc2 67.d6 Bxd6
68.Nc4 Bc5 69.g5 Kc3 70.g6 Bf8 71.Nd2 Kb4 72.Nb1 Kb3 73.Nd2+ Kc2 74.Nc4 
Kb3 75.Nd2+ Kc3 76.Nb1+ Kb2 77.Nd2 Ka2 78.Kxf2 Kb2 79.Ke2 Kc2 80.Nc4 Bh6 
81.Na3+ Kb3 82.Nb1 Kb2 83.Nd2 Kc2 84.Nc4 Bg7 85.Na3+ Kb2 86.Nc4+ Kb3 87.
Kd3 Kb4 88.Ne3 Kb3 89.Nc4 Bf6 90.Nd2+ Kb4 91.Nc4 Bh8 92.Ne3 Bg7 93.Nc4 Kb3
94.Na5+ Ka2 95.Kc2 Ka3 96.Kb1 Kb4 97.Nb7 Be5 98.Ka2 1/2-1/2

[Event "XXI Festival Conca della Presolana A"]
[Site "Bratto - Castione della Presolana ITA"]
[Date "2001.08.26"]
[Round "5"]
[White "Eskola, Risto"]
[Black "Capece, Adolivio"]
[Result "1-0"]
[WhiteElo "2148"]
[BlackElo "2073"]
[PlyCount "55"]
[EventDate "2001.08.22"]

1.Nf3 c5 2.g3 Nc6 3.Bg2 g6 4.O-O Bg7 5.c4 d6 6.Nc3 Bg4 7.h3 Bd7 8.e3 Qc8 
9.Kh2 h5 10.Ng5 h4 11.g4 Nh6 12.f4 f5 13.Qc2 Nb4 14.Qb1 Bc6 15.Nd5 Bd7 16.
a3 Nc6 17.b4 Bxa1 18.Qxa1 Rg8 19.b5 fxg4 20.bxc6 g3+ 21.Kg1 bxc6 22.Nc3 
Rb8 23.Nce4 Qa6 24.Qc3 Qa4 25.d3 Rb3 26.Qd2 Nf5 27.Qd1 Kd8 28.Nc3 1-0

[Event "XXI Festival Conca della Presolana A"]
[Site "Bratto - Castione della Presolana ITA"]
[Date "2001.08.26"]
[Round "5"]
[White "Friedrich, Norbert"]
[Black "Nieus, Thierry"]
[Result "1-0"]
[WhiteElo "2275"]
[BlackElo "1914"]
[PlyCount "99"]
[EventDate "2001.08.22"]

1.e4 d6 2.d4 Nf6 3.Nc3 g6 4.Nf3 Bg7 5.Be2 O-O 6.O-O c6 7.Re1 Nbd7 8.a4 e5 
9.a5 Re8 10.dxe5 dxe5 11.Bc4 Qc7 12.Ng5 Re7 13.Be3 h6 14.Nf3 Ng4 15.Bd2 b5
16.axb6 Nxb6 17.Bb3 Be6 18.Bxe6 Rxe6 19.Qe2 Ree8 20.Ra6 Bf8 21.h3 Nf6 22.
Rea1 Nfd7 23.Na4 Nxa4 24.R6xa4 Reb8 25.b3 Rb5 26.Be3 Nc5 27.Rc4 a5 28.Qd2 
Kh7 29.Qc3 Qd6 30.Bxc5 Rxc5 31.Raa4 Rxc4 32.Rxc4 Qd1+ 33.Qe1 Qxe1+ 34.Nxe1
c5 35.Nd3 Rc8 36.Nxe5 Kg7 37.Ra4 Ra8 38.Nc4 Rd8 39.Rxa5 Rd1+ 40.Kh2 Rc1 
41.Ra2 Re1 42.e5 g5 43.Kg3 Re2 44.Kf3 Re1 45.Ra7 Kg6 46.Ra6+ Kg7 47.Ne3 
Kh7 48.Ra7 Kg6 49.Rd7 f6 50.e6 1-0

[Event "XXI Festival Conca della Presolana A"]
[Site "Bratto - Castione della Presolana ITA"]
[Date "2001.08.26"]
[Round "5"]
[White "Galli, Fabio"]
[Black "Farina, Saverio"]
[Result "1/2-1/2"]
[WhiteElo "2079"]
[BlackElo "2126"]
[PlyCount "134"]
[EventDate "2001.08.22"]

1.e4 e6 2.g3 d5 3.Bg2 c5 4.exd5 exd5 5.d4 Nf6 6.Ne2 Nc6 7.O-O cxd4 8.Nxd4 
Be7 9.Re1 O-O 10.c3 Bg4 11.Qd3 Re8 12.Nxc6 bxc6 13.Be3 Qd7 14.Nd2 Bf5 15.
Qa6 Ng4 16.Nf3 Nxe3 17.Rxe3 Bc5 18.Rxe8+ Rxe8 19.Nd4 Bb6 20.Qf1 h6 21.Re1 
Bg6 22.Bh3 Rxe1 23.Bxd7 Rxf1+ 24.Kxf1 c5 25.Nf5 Kf8 26.Ke2 f6 27.Kd3 Bh5 
28.Be6 Bf3 29.Ke3 Be4 30.f3 Bb1 31.a3 Ba2 32.Kd2 Bb1 33.Ke3 h5 34.g4 g6 
35.Ng3 Ba2 36.Kd2 Ke7 37.Bg8 Kf8 38.Be6 Ke7 39.Bg8 h4 40.Nf1 Kd6 41.Ne3 
Kc6 42.h3 Bb3 43.c4 d4 44.Nd5 Bd8 45.Nf4 g5 46.Nd3 Bc7 47.Bd5+ Kb6 48.Be6 
a5 49.Bd5 Bd6 50.Ke2 Kc7 51.Nc1 Bc2 52.Be4 Ba4 53.b3 Be8 54.a4 Bg3 55.Nd3 
Kd6 56.Bf5 Bc6 57.Bg6 Bd7 58.Bf5 Be8 59.Bh7 Kc6 60.Bf5 Bd6 61.Kf2 Bf7 62.
Ke2 Kc7 63.Kf2 Kd8 64.Ke2 Ke7 65.Kf2 Bg3+ 66.Ke2 Bd6 67.Kf2 Kf8 1/2-1/2

[Event "XXI Festival Conca della Presolana A"]
[Site "Bratto - Castione della Presolana ITA"]
[Date "2001.08.26"]
[Round "5"]
[White "Guido, Flavio"]
[Black "Bresciani, Nicola"]
[Result "1/2-1/2"]
[WhiteElo "2379"]
[BlackElo "2278"]
[PlyCount "82"]
[EventDate "2001.08.22"]

1.e4 c5 2.c3 d5 3.exd5 Qxd5 4.d4 e6 5.Nf3 Nc6 6.Bd3 cxd4 7.cxd4 Nf6 8.O-O 
Be7 9.Nc3 Qd6 10.Nb5 Qd8 11.Bf4 Nd5 12.Bg3 a6 13.Nc3 O-O 14.Rc1 Nf6 15.a3 
b6 16.Bb1 Bb7 17.Qd3 Rc8 18.Rfe1 Na5 19.Ne5 b5 20.Rcd1 Nc4 21.Nxc4 bxc4 
22.Qc2 g6 23.Ba2 Nh5 24.Be5 f6 25.Bg3 Nxg3 26.hxg3 Bd5 27.Nxd5 exd5 28.Re6
Bd6 29.Qa4 Qb6 30.Rd2 Rc6 31.Qd1 Kg7 32.Qf3 Qb5 33.Rde2 f5 34.Qe3 Rf7 35.
Re8 Bb8 36.Rd8 Rb6 37.a4 Qxa4 38.Rxb8 Rxb8 39.Qe5+ Kh6 40.Qf4+ Kg7 41.Qe5+
Kh6 1/2-1/2

[Event "XXI Festival Conca della Presolana A"]
[Site "Bratto - Castione della Presolana ITA"]
[Date "2001.08.26"]
[Round "5"]
[White "Khenkin, Igor"]
[Black "Belotti, Bruno"]
[Result "1/2-1/2"]
[WhiteElo "2579"]
[BlackElo "2405"]
[PlyCount "59"]
[EventDate "2001.08.22"]

1.d4 Nf6 2.c4 g6 3.Nc3 Bg7 4.e4 d6 5.f3 O-O 6.Nge2 c5 7.d5 e6 8.Ng3 exd5 
9.cxd5 a6 10.a4 Nbd7 11.Be2 Ne8 12.Be3 Qh4 13.Qd2 h6 14.Bf2 Qe7 15.O-O h5 
16.Be3 Nc7 17.f4 h4 18.Nh1 Bxc3 19.bxc3 Nf6 20.Nf2 Nxe4 21.Nxe4 Qxe4 22.
Bd3 Qxd5 23.c4 Qh5 24.f5 Bxf5 25.Rxf5 gxf5 26.Rf1 Ne6 27.Rxf5 Qh8 28.Bh6 
Qa1+ 29.Kf2 Rfe8 30.Rg5+ 1/2-1/2

[Event "XXI Festival Conca della Presolana A"]
[Site "Bratto - Castione della Presolana ITA"]
[Date "2001.08.26"]
[Round "5"]
[White "Komarov, Dimitri"]
[Black "De Santis, Alessio"]
[Result "1/2-1/2"]
[WhiteElo "2525"]
[BlackElo "2353"]
[PlyCount "35"]
[EventDate "2001.08.22"]

1.d4 d6 2.Nf3 f5 3.g3 g6 4.Bg2 Bg7 5.O-O Nf6 6.c4 O-O 7.Nc3 Nc6 8.d5 Ne5 
9.Nxe5 dxe5 10.c5 Nd7 11.b4 e4 12.Qb3 Kh8 13.f3 exf3 14.exf3 a5 15.Bb2 
axb4 16.Qxb4 b6 17.c6 Nc5 18.Nb5 1/2-1/2

[Event "XXI Festival Conca della Presolana A"]
[Site "Bratto - Castione della Presolana ITA"]
[Date "2001.08.26"]
[Round "5"]
[White "Mantovani, Renzo"]
[Black "Astengo, Marcello"]
[Result "1-0"]
[WhiteElo "2372"]
[BlackElo "2005"]
[PlyCount "49"]
[EventDate "2001.08.22"]

1.e4 e6 2.Nc3 d5 3.d4 Nf6 4.Bg5 Bb4 5.e5 h6 6.Bd2 Bxc3 7.bxc3 Ne4 8.Qg4 
Kf8 9.Nf3 c5 10.Bd3 Nxd2 11.Kxd2 Nc6 12.h4 Qa5 13.Qf4 cxd4 14.Nxd4 Nxd4 
15.Qxd4 Qc7 16.f4 h5 17.g4 Bd7 18.Rag1 Rc8 19.gxh5 Qc5 20.Rg5 Bb5 21.Bxb5 
Qxb5 22.Qxa7 Qc4 23.Qd4 Qxa2 24.Rhg1 Rc4 25.Qb6 1-0

[Event "XXI Festival Conca della Presolana A"]
[Site "Bratto - Castione della Presolana ITA"]
[Date "2001.08.26"]
[Round "5"]
[White "Mauro, Alan"]
[Black "Lanzani, Mario"]
[Result "1/2-1/2"]
[WhiteElo "2245"]
[BlackElo "2380"]
[PlyCount "82"]
[EventDate "2001.08.22"]

1.e4 c5 2.Nf3 Nc6 3.d4 cxd4 4.Nxd4 Qb6 5.Nb3 Nf6 6.Bd3 e6 7.Be3 Qc7 8.f4 
h5 9.h3 h4 10.Nc3 Bb4 11.O-O Bxc3 12.bxc3 d6 13.Qf3 e5 14.Bc4 exf4 15.Bxf4
Ne5 16.Bxe5 dxe5 17.Bd5 Be6 18.Qd3 Rc8 19.Bxe6 fxe6 20.Qb5+ Kf7 21.Rad1 
Kg6 22.Rf3 Qb6+ 23.Qxb6 axb6 24.a4 Rhd8 25.Rxd8 Rxd8 26.Rd3 Ra8 27.Rd6 
Nxe4 28.Rxe6+ Kf5 29.Rxb6 Rd8 30.Kf1 Kf4 31.Ke1 Nxc3 32.Nd2 e4 33.Rb3 e3 
34.Rxc3 Rxd2 35.Rc4+ Kg3 36.Rg4+ Kh2 37.Rxh4 Rxc2 38.Re4 Rxg2 39.Rxe3 Rg3 
40.Re7 b6 41.Re6 Kxh3 1/2-1/2

[Event "XXI Festival Conca della Presolana A"]
[Site "Bratto - Castione della Presolana ITA"]
[Date "2001.08.26"]
[Round "5"]
[White "Osuna Munoz, Xavier"]
[Black "Lapiccirella, Mattia"]
[Result "0-1"]
[WhiteElo "2109"]
[BlackElo "2146"]
[PlyCount "74"]
[EventDate "2001.08.22"]

1.e4 c5 2.Bc4 Nc6 3.Nf3 e6 4.Nc3 a6 5.a4 Qc7 6.O-O Nf6 7.d3 Be7 8.h3 d6 9.
Be3 O-O 10.Nh2 Rd8 11.Ng4 Nb4 12.Bf4 Nxg4 13.hxg4 b6 14.Bb3 Rb8 15.Na2 Nc6
16.c3 b5 17.Rb1 Na5 18.Bc2 e5 19.Bd2 Be6 20.Nc1 c4 21.b4 cxb3 22.Nxb3 bxa4
23.Nxa5 Rxb1 24.Bxb1 Qxa5 25.c4 Qb6 26.Qxa4 Qb2 27.Be3 Bxg4 28.Qxa6 h5 29.
Qa7 Bf6 30.Bb6 Rd7 31.Qb8+ Kh7 32.Bc7 Qa3 33.d4 Be2 34.Re1 Bxc4 35.Kh1 Qc3
36.Rd1 Be2 37.Rg1 Rxc7 0-1

[Event "XXI Festival Conca della Presolana A"]
[Site "Bratto - Castione della Presolana ITA"]
[Date "2001.08.26"]
[Round "5"]
[White "Pagnoncelli, Marco"]
[Black "Schaefer, Michael"]
[Result "1-0"]
[WhiteElo "2064"]
[BlackElo "2240"]
[PlyCount "59"]
[EventDate "2001.08.22"]

1.e4 c5 2.Nf3 e6 3.d4 cxd4 4.Nxd4 Nf6 5.Nc3 d6 6.Be2 Be7 7.O-O Nc6 8.Be3 
Bd7 9.Nb3 a6 10.a4 Na5 11.f4 Nxb3 12.cxb3 Bc6 13.Bf3 O-O 14.Qe1 Rc8 15.Qg3
Qa5 16.Rad1 Rfd8 17.e5 Ne8 18.Bd4 dxe5 19.fxe5 Rxd4 20.Rxd4 Bc5 21.Qf4 
Bxf3 22.Rxf3 f6 23.exf6 Nxf6 24.Kh1 Bxd4 25.Qxd4 Qc5 26.Qd2 Qe5 27.h3 Kf7 
28.Qd7+ Kg6 29.Qxc8 Nh5 30.Qc4 1-0

[Event "XXI Festival Conca della Presolana A"]
[Site "Bratto - Castione della Presolana ITA"]
[Date "2001.08.26"]
[Round "5"]
[White "Pantaleoni, Claudio"]
[Black "Griffa, Roberto"]
[Result "1-0"]
[WhiteElo "2205"]
[BlackElo "2082"]
[PlyCount "67"]
[EventDate "2001.08.22"]

1.Nf3 Nf6 2.c4 c5 3.Nc3 Nc6 4.d4 cxd4 5.Nxd4 g6 6.g3 Nxd4 7.Qxd4 Bg7 8.Bg2
O-O 9.O-O d6 10.Qd3 a6 11.Bd2 Bf5 12.e4 Be6 13.Rac1 Rc8 14.b3 Ng4 15.Qe2 
Re8 16.Rfd1 Bd4 17.Be1 Ba7 18.h3 Ne5 19.Kh2 Nc6 20.f4 Nd4 21.Qf1 Qd7 22.
Bf2 Nc6 23.c5 Nb4 24.a3 Nc6 25.b4 Bb3 26.Rd2 Qe6 27.cxd6 exd6 28.Nd5 Bxf2 
29.Qxf2 f5 30.Qf3 Ba4 31.exf5 gxf5 32.Qc3 Ne7 33.Nxe7+ Qxe7 34.Bd5+ 1-0

[Event "XXI Festival Conca della Presolana A"]
[Site "Bratto - Castione della Presolana ITA"]
[Date "2001.08.26"]
[Round "5"]
[White "Paoli, Enrico"]
[Black "Podini, Francesco"]
[Result "0-1"]
[WhiteElo "2021"]
[BlackElo "2072"]
[PlyCount "108"]
[EventDate "2001.08.22"]

1.a3 Nf6 2.g3 g6 3.Bg2 Bg7 4.c4 O-O 5.Nc3 c5 6.e4 Nc6 7.Nge2 d6 8.O-O a6 
9.d3 Rb8 10.a4 Ne8 11.Kh1 Nc7 12.Nd5 Ne6 13.h3 b5 14.axb5 axb5 15.cxb5 
Rxb5 16.Nec3 Rb8 17.Kh2 Ned4 18.f4 Nb3 19.Ra2 Nxc1 20.Qxc1 e6 21.Ne3 Nb4 
22.Ra7 Nxd3 23.Qd2 Nb4 24.Rfa1 Nc6 25.R7a2 Nd4 26.Rg1 Qc7 27.Rd1 Bd7 28.
Rf1 Ra8 29.Rfa1 Nb3 30.Qd1 Nxa1 31.Qxa1 Bc6 32.Rxa8 Rxa8 33.Qd1 Rb8 34.Nc4
Bd4 35.Ne2 Bb5 36.b3 Bxc4 37.bxc4 Qb6 38.Nxd4 cxd4 39.f5 Qc5 40.fxe6 fxe6 
41.Qg4 Qe5 42.h4 Rb2 43.Kh3 d3 44.Qd1 d2 45.Qa4 Rb8 46.Qd1 Qd4 47.e5 dxe5 
48.c5 Rc8 49.Qb3 Re8 50.Qb5 Kf7 51.Qf1+ Kg7 52.Qd1 Rf8 53.c6 h5 54.c7 Qg4+
0-1

[Event "XXI Festival Conca della Presolana A"]
[Site "Bratto - Castione della Presolana ITA"]
[Date "2001.08.26"]
[Round "5"]
[White "Pegoraro, Nicola"]
[Black "Luchsinger, Eric"]
[Result "0-1"]
[WhiteElo "2099"]
[BlackElo "2094"]
[PlyCount "56"]
[EventDate "2001.08.22"]

1.e4 e5 2.Nf3 Nf6 3.Nxe5 d6 4.Nf3 Nxe4 5.d4 d5 6.Bd3 Bd6 7.O-O O-O 8.c4 c6
9.Nc3 Nxc3 10.bxc3 Bg4 11.h3 Bh5 12.Rb1 b6 13.cxd5 cxd5 14.c4 Nc6 15.cxd5 
Nb4 16.Bc4 Rc8 17.Bb3 Bg6 18.Rb2 Be4 19.Re1 Rxc1 20.Qxc1 Bxf3 21.gxf3 Nd3 
22.Qd2 Nf4 23.Re5 Bxe5 24.Qe3 Qg5+ 25.Kf1 Qg2+ 26.Ke1 Qg1+ 27.Kd2 Bd6 28.
Ba4 Nxd5 0-1

[Event "XXI Festival Conca della Presolana A"]
[Site "Bratto - Castione della Presolana ITA"]
[Date "2001.08.26"]
[Round "5"]
[White "Preiss, Martin"]
[Black "Sarno, Spartaco"]
[Result "1/2-1/2"]
[WhiteElo "2262"]
[BlackElo "2400"]
[PlyCount "200"]
[EventDate "2001.08.22"]

1.c4 g6 2.g3 Bg7 3.Bg2 Nf6 4.Nc3 O-O 5.Nf3 c6 6.O-O d5 7.cxd5 cxd5 8.d4 
Ne4 9.Be3 Nxc3 10.bxc3 Nc6 11.Rc1 Qa5 12.Qb3 Rd8 13.Bf4 Qa6 14.Rfe1 e6 15.
Nd2 Bd7 16.e4 Na5 17.Qb2 Bc6 18.Rb1 b6 19.Bg5 Rd7 20.exd5 Bxd5 21.Bxd5 
exd5 22.Nf3 Rc8 23.Re2 Nc4 24.Qb5 Qxb5 25.Rxb5 f6 26.Bc1 Kf7 27.Kf1 Rc6 
28.g4 a6 29.Rb1 Nd6 30.Bb2 Ne4 31.Nd2 Nd6 32.Rbe1 Nb5 33.Nb1 Nd6 34.Ba3 
Bf8 35.Bxd6 Rcxd6 36.Re8 Rd8 37.Rxd8 Rxd8 38.Re3 Rc8 39.Ke2 Rc4 40.Kd3 Ra4
41.Re2 Bd6 42.h3 b5 43.Rb2 Bf4 44.Ke2 Ke6 45.Kf3 Bh6 46.Re2+ Kd7 47.Rb2 
Rc4 48.Ke2 Bg5 49.Kd3 Bf4 50.Na3 Ra4 51.Nb1 Bc1 52.Rc2 Bg5 53.Rb2 Bf4 54.
Re2 Bd6 55.Rb2 Rc4 56.Nd2 Rc8 57.Nf1 Rh8 58.Ne3 Kc6 59.Rb1 h5 60.Ra1 hxg4 
61.hxg4 Rh2 62.Ke2 Ba3 63.Rb1 Bd6 64.Ra1 Bg3 65.Rf1 Bf4 66.Nc2 a5 67.Ne1 
Bd6 68.Nd3 Rh4 69.Kf3 Rh3+ 70.Ke2 Rh4 71.Kf3 b4 72.cxb4 axb4 73.Rc1+ Kb5 
74.Rc8 f5 75.Rd8 Kc6 76.gxf5 gxf5 77.Ne5+ Bxe5 78.dxe5 Re4 79.Rc8+ Kd7 80.
Rb8 Kc7 81.Rb5 Kc6 82.Rb8 Kc5 83.Ra8 Kd4 84.e6 Rxe6 85.Kf4 Re2 86.f3 Rf2 
87.Rb8 Kc4 88.Rc8+ Kd3 89.Rb8 Rxa2 90.Rxb4 Kc3 91.Rb8 d4 92.Kxf5 d3 93.f4 
d2 94.Rc8+ Kd3 95.Rd8+ Ke2 96.Re8+ Kf3 97.Rd8 Ke2 98.Re8+ Kf3 99.Rd8 Ra5+ 
100.Kg6 Kxf4 1/2-1/2

[Event "XXI Festival Conca della Presolana A"]
[Site "Bratto - Castione della Presolana ITA"]
[Date "2001.08.26"]
[Round "5"]
[White "Radice, Luca"]
[Black "Everet, Alexandro"]
[Result "1/2-1/2"]
[WhiteElo "2042"]
[BlackElo "2308"]
[PlyCount "21"]
[EventDate "2001.08.22"]

1.d4 c6 2.e4 g6 3.Nc3 b6 4.Be3 Bg7 5.Qd2 Ba6 6.Bxa6 Nxa6 7.Nf3 Qc7 8.O-O 
O-O-O 9.Qe2 Kb7 10.Rfd1 f5 11.a4 1/2-1/2

[Event "XXI Festival Conca della Presolana A"]
[Site "Bratto - Castione della Presolana ITA"]
[Date "2001.08.26"]
[Round "5"]
[White "Ricci, Alfredo"]
[Black "Piva, Giorgio"]
[Result "1/2-1/2"]
[WhiteElo "2088"]
[BlackElo "2133"]
[PlyCount "101"]
[EventDate "2001.08.22"]

1.e4 c5 2.Nf3 d6 3.d4 cxd4 4.Nxd4 Nf6 5.Nc3 g6 6.Be3 Bg7 7.f3 Nc6 8.Qd2 
O-O 9.O-O-O Bd7 10.Kb1 Rc8 11.g4 Ne5 12.h4 b5 13.h5 b4 14.Nd5 Nxd5 15.exd5
Qa5 16.hxg6 fxg6 17.Qh2 Kf7 18.Ne6 Bxe6 19.dxe6+ Kxe6 20.f4 Nxg4 21.Bh3 h5
22.Qe2 Kf7 23.Bxg4 hxg4 24.Qxg4 Qf5 25.Qg2 Rh8 26.Rhg1 Rc4 27.Rd5 Qf6 28.
Bc1 Rhc8 29.f5 g5 30.Rd2 R8c5 31.Rf2 a5 32.Qh2 Qh6 33.Qg3 Qf6 34.Qb3 Bh6 
35.Rg4 d5 36.Rxc4 dxc4 37.Qh3 Bg7 38.Qh5+ Kf8 39.Rd2 Rc8 40.Rd5 Ra8 41.Rc5
Rd8 42.Rxa5 Qb6 43.Ra4 b3 44.axb3 cxb3 45.cxb3 Qxb3 46.Ra3 Qd1 47.Qxd1 
Rxd1 48.Rg3 Rf1 49.b4 Rxf5 50.Bxg5 Be5 51.Rg4 1/2-1/2

[Event "XXI Festival Conca della Presolana A"]
[Site "Bratto - Castione della Presolana ITA"]
[Date "2001.08.26"]
[Round "5"]
[White "Rossi, Giampiero"]
[Black "Mascheroni, Maurizio"]
[Result "0-1"]
[WhiteElo "2119"]
[BlackElo "2054"]
[PlyCount "62"]
[EventDate "2001.08.22"]

1.d4 Nf6 2.c4 e6 3.Nc3 Bb4 4.Qc2 O-O 5.a3 Bxc3+ 6.Qxc3 b6 7.Bg5 Bb7 8.f3 
d5 9.e3 Nbd7 10.Nh3 Rc8 11.Bd3 h6 12.Bh4 c5 13.O-O cxd4 14.Qxd4 e5 15.Bxf6
Qxf6 16.Qg4 Qe7 17.cxd5 Nf6 18.Qh4 Bxd5 19.Rac1 Rfd8 20.Nf2 Bb3 21.Ba6 
Rxc1 22.Rxc1 Qd6 23.Rc3 Be6 24.Rd3 Qc7 25.Rxd8+ Qxd8 26.Nd3 b5 27.Bxb5 Qb6
28.Qb4 Qxe3+ 29.Kf1 e4 30.Qc5 Qd2 31.fxe4 Ng4 0-1

[Event "XXI Festival Conca della Presolana A"]
[Site "Bratto - Castione della Presolana ITA"]
[Date "2001.08.26"]
[Round "5"]
[White "Salami, Marco"]
[Black "Godena, Michele"]
[Result "0-1"]
[WhiteElo "2199"]
[BlackElo "2491"]
[PlyCount "70"]
[EventDate "2001.08.22"]

1.e4 d5 2.Nc3 dxe4 3.Nxe4 Bf5 4.Ng3 Bg6 5.Nf3 Nd7 6.Bc4 e6 7.d3 Ngf6 8.Qe2
c6 9.O-O Be7 10.Re1 Qc7 11.Bxe6 fxe6 12.Qxe6 Nd5 13.Ne4 Bxe4 14.dxe4 Nf4 
15.Qf5 Ng6 16.Ng5 O-O-O 17.Ne6 Qe5 18.Nxd8 Rxd8 19.Qh3 Bc5 20.c3 Nf4 21.
Qg3 g5 22.Bxf4 gxf4 23.Qg4 Kc7 24.Rad1 Bd6 25.Rd3 Nf6 26.Qf3 Re8 27.Rd2 
Bc5 28.h3 a6 29.a3 h5 30.Red1 Rg8 31.b4 Bb6 32.Rd6 Rg3 33.Qe2 f3 34.Qd2 
Rxg2+ 35.Kf1 Rxf2+ 0-1

[Event "XXI Festival Conca della Presolana A"]
[Site "Bratto - Castione della Presolana ITA"]
[Date "2001.08.26"]
[Round "5"]
[White "Sbarra, Marco"]
[Black "Giretti Kanev, Jasen"]
[Result "1/2-1/2"]
[WhiteElo "2305"]
[BlackElo "2178"]
[PlyCount "119"]
[EventDate "2001.08.22"]

1.e4 d6 2.d4 g6 3.c4 Bg7 4.Nc3 e5 5.d5 Nd7 6.Nf3 Ne7 7.h4 Nf6 8.Be2 Bg4 9.
Be3 Qd7 10.Qd2 Bxf3 11.Bxf3 Ng4 12.Bxg4 Qxg4 13.f3 Qd7 14.g4 h5 15.Qg2 a6 
16.c5 dxc5 17.Bxc5 Nc8 18.O-O-O b6 19.Be3 Nd6 20.Kb1 Nc4 21.Bc1 b5 22.Ne2 
Bf6 23.b3 Nd6 24.gxh5 gxh5 25.Bg5 Rg8 26.Nc1 b4 27.Qd2 Bxg5 28.hxg5 Nb5 
29.Qxb4 Rxg5 30.Rdg1 Rxg1 31.Rxg1 O-O-O 32.Nd3 Qd6 33.Nc5 Qb6 34.Rc1 Rd6 
35.Nd3 Qd4 36.Qxd4 exd4 37.Rh1 Rg6 38.Nf4 Rg3 39.Rh3 Rxh3 40.Nxh3 f5 41.
Kc2 fxe4 42.fxe4 c5 43.dxc6 Na7 44.Kd3 Nxc6 45.Kc4 Kd7 46.b4 Kd6 47.a4 Ke5
48.b5 axb5+ 49.axb5 Na5+ 50.Kd3 Nb7 51.Ng5 Nc5+ 52.Kc4 Na4 53.Kd3 Nb2+ 54.
Kc2 Na4 55.Kd3 Nb2+ 56.Kc2 Na4 57.Kd3 Nc5+ 58.Kc4 Nd7 59.Kd3 Nc5+ 60.Kc4 
1/2-1/2

[Event "XXI Festival Conca della Presolana A"]
[Site "Bratto - Castione della Presolana ITA"]
[Date "2001.08.26"]
[Round "5"]
[White "Tatai, Stefano"]
[Black "Cebalo, Miso"]
[Result "1/2-1/2"]
[WhiteElo "2350"]
[BlackElo "2476"]
[PlyCount "79"]
[EventDate "2001.08.22"]

1.e4 c5 2.Nf3 d6 3.d4 cxd4 4.Nxd4 Nf6 5.f3 e6 6.c4 Be7 7.Nc3 O-O 8.Be3 b6 
9.Be2 Bb7 10.O-O a6 11.Qd2 Nbd7 12.Rfd1 Qc7 13.Rac1 Rac8 14.Nc2 Qb8 15.Na3
Rfe8 16.Kh1 Bf8 17.Bf1 Bc6 18.Qf2 Be7 19.Qd2 h6 20.Rb1 Bb7 21.b4 Qc7 22.
Rb3 Bf8 23.Qf2 d5 24.cxd5 exd5 25.Nxd5 Bxd5 26.exd5 b5 27.g3 Ne5 28.Bh3 
Rb8 29.Nb1 Nc4 30.Bc5 Rbd8 31.Rbd3 Bd6 32.Bf1 Nd7 33.Bxd6 Qxd6 34.a3 Nf6 
35.Rc3 Re5 36.Bxc4 bxc4 37.Rxc4 Rxd5 38.Rxd5 Qxd5 39.Rc1 Qb3 40.Kg2 
1/2-1/2

[Event "XXI Festival Conca della Presolana A"]
[Site "Bratto - Castione della Presolana ITA"]
[Date "2001.08.26"]
[Round "5"]
[White "Temi, Walter"]
[Black "Caruso, Daniele"]
[Result "1/2-1/2"]
[WhiteElo "2067"]
[BlackElo "2104"]
[PlyCount "67"]
[EventDate "2001.08.22"]

1.e4 e6 2.d4 d5 3.Nc3 Nf6 4.e5 Nfd7 5.f4 c5 6.Nf3 Nc6 7.Be3 Qb6 8.Na4 Qa5+
9.c3 cxd4 10.b4 Nxb4 11.cxb4 Bxb4+ 12.Bd2 Bxd2+ 13.Nxd2 b6 14.Rb1 Ba6 15.
Bxa6 Qxa6 16.Qb3 Rc8 17.Kf2 O-O 18.Rhc1 f6 19.exf6 Nxf6 20.Rxc8 Rxc8 21.
Nf3 Rc4 22.Nb2 Rc3 23.Qd1 Ne4+ 24.Kg1 Ra3 25.Nxd4 Rxa2 26.Qg4 Rxb2 27.
Qxe6+ Kf8 28.Rc1 Nc5 29.Qd6+ Kf7 30.Qxd5+ Kf8 31.Qd6+ Kf7 32.Qd5+ Kf8 33.
Qd8+ Kf7 34.Qd5+ 1/2-1/2

[Event "XXI Festival Conca della Presolana A"]
[Site "Bratto - Castione della Presolana ITA"]
[Date "2001.08.26"]
[Round "5"]
[White "Valori, Vincenzo"]
[Black "Battaggia, Piergiorgio"]
[Result "1/2-1/2"]
[WhiteElo "2056"]
[BlackElo "2114"]
[PlyCount "109"]
[EventDate "2001.08.22"]

1.e4 c5 2.Nc3 Nc6 3.f4 g6 4.Nf3 Bg7 5.Bc4 e6 6.O-O Nge7 7.d3 d6 8.Bb3 O-O 
9.Qe1 Rb8 10.Qh4 Nd4 11.f5 Nxb3 12.axb3 Nc6 13.Bg5 f6 14.fxg6 hxg6 15.Bh6 
a6 16.Ne2 e5 17.g4 Qe7 18.g5 f5 19.exf5 Bxf5 20.Ng3 Bxh6 21.Qxh6 Qh7 22.
Nxf5 Rxf5 23.Nh4 Qxh6 24.gxh6 Rh5 25.Ng2 Rf8 26.Ne3 Rxh6 27.Ng4 Rh4 28.
Nf6+ Kg7 29.Ne4 Rd8 30.Rf2 Ne7 31.Raf1 Rg4+ 32.Kh1 Nf5 33.Ng3 Rxg3 34.Rxf5
gxf5 35.hxg3 Kg6 36.Kg2 Rh8 37.Ra1 Re8 38.Ra4 Ra8 39.c3 b5 40.Ra5 Kf6 41.
Kf3 Ke6 42.c4 bxc4 43.bxc4 Rb8 44.Rxa6 Rxb2 45.Ra3 Rb6 46.Rc3 d5 47.cxd5+ 
Kxd5 48.Ke3 Rg6 49.Kf3 Kd4 50.Rc4+ Kxd3 51.Rxc5 e4+ 52.Kf4 Rg4+ 53.Kxf5 
Rxg3 54.Rd5+ Ke3 55.Ra5 1/2-1/2